000 00632nam a22002297a 4500
003 UA-OsUOA
001 97142
007 ta
008 20130326b un ||||| |||| 00| 0 ukr d
100 _aНексе М.
090 _a821.113.4
_bН48
942 _cBK
040 _aUA-OsUOA
_brus
_cUA-OsUOA
_dUA-OsUOA
245 _aДитя человеческое
_bроман
_c3
300 _a670 с.
955 _a3
041 _arus
080 _a821.113.4
260 _aМ.
_bХудожественная литература
_c1952
650 7 _a82 Література. Літературознавство
_2UDC
999 _c383399
_d383399